Los Refugiados Centroamericanos /

সংরক্ষণ করুন:
গ্রন্থ-পঞ্জীর বিবরন
সংস্থা লেখক: Universidad para la paz, Universidad Nacional Naciones Unidas
বিন্যাস: পাঠ‍্য
প্রকাশিত: Heredia: UNA
ট্যাগগুলো: ট্যাগ যুক্ত করুন
কোনো ট্যাগ নেই, প্রথমজন হিসাবে ট্যাগ করুন!

MARC

LEADER 00000 a a2200000 04500
001 25786
003
040
090 |a 174100  
110 |a Universidad para la paz  
245 |a Los Refugiados Centroamericanos /  |c Universidad para la paz  
260 |a Heredia:   |b UNA  
300 |a 259 p   |b il.   |b map.  
710 |a Universidad Nacional   |a Naciones Unidas  
999 |c 11695  |d 11695